| 000 | 00565cam a2200193 a 4500 | ||
|---|---|---|---|
| 001 | 000018520 | ||
| 005 | 20200929165822.0 | ||
| 008 | 880222s1989 nyu 000 1 eng d | ||
| 020 | _a0425116840 | ||
| 040 |
_aDO-SdBNP _bspa _dBNPHU |
||
| 041 | 1 | 7 |
_aspa _heng |
| 082 |
_a813.54 _bC587c |
||
| 100 | 1 |
_aClancy, Tom, _d1947- _910904 |
|
| 245 | 1 | 4 |
_aThe cardinal of the Kremlin / _cTom Clancy. |
| 260 |
_aNew York : _bBerkley Books, _c1989. |
||
| 300 |
_a547 p. ; _c17 cm. |
||
| 650 | 4 |
_aNovela policiaca estadounidense _911997 |
|
| 650 | 4 |
_aLiteratura estadounidense _9263 |
|
| 999 |
_c18040 _d18040 |
||